000 00737nam a2200289Ia 4500
005 20260324151028.0
008 008 260324s9999 xx 000 0 eng d
020 _a9780429462993
037 _aEBOOK
040 _aCRL
040 _beng
040 _cCRL
041 _2eng
041 _aeng
084 _qCRL
100 _aWilliam Boulting
_91228434
245 0 _aWoman in Italy
245 0 _bFrom the Introduction of the Chivalrous Service of Love to the Appearance of the Professional Actress
260 _bTaylor and Francis
260 _c1910
365 _a
365 _b205
856 _uhttp://www.taylorfrancis.com/books/9780429462993
942 _cEBOOK
999 _c1838908
_d1838908